000 00910nam a22003017a 4500
001 5454
003 FISKH
005 20241209084812.0
008 241209b cb ||||| |||| 00| 0 eng d
020 _a9780064441834
040 _aFISKH
_beng
_cFISKH
_dFISKH
050 _aPZ7.R5555
082 _a476
100 _aRobins, Joan
_d(1908-1994)
245 _aAddie's bad day /
_cBy Joan Robins Pictures by Sue Truesdell
250 _a1993
260 _aNew York :
_bHarperCollins,
_c1993.
300 _a31 pages :
_bcolor illustrations ;
_c22 cm
505 _aJ
520 _aWhen Addie gets a haircut she hates, she is too embarrassed to come to her friend Max's birthday party.
521 8 _a450L
_bLexile
521 8 _aJ
_bRaz-Plus
650 _2Friendship
_aFiction
650 _2Picture book
_aEasy reader
700 _aTruedell, Sue
_dIllustrator
942 _2ddc
_cBK
_n0
999 _c5454
_d5454